000 01351cam a2200241 4500
001 ABS66391
008 030124n2003 000 0 eng u
035 _a(Sirsi) u121117
100 _aSchopen, F.
245 _aMaking the web work
260 _c2003
490 _aRegeneration and Renewal
_v17 January 2003, 20-21(2)
520 _aConsiders whether the regeneration sector is harnessing the power of the internet and highlights the benefits of good website design and content. Gives examples of well designed and informative regeneration websites such as the Neighbourhood Renewal Unit website, the Liverpool Partnership Group website and an innovative Paddington-based community website. A key benefit of websites for Local Strategic Partnerships (LSPs) and other community groups is the chance to disseminate information without having to pay printing costs. However, in the context of community regeneration, websites will only work alongside traditional forms of discussion and information sharing. Lists 10 good regeneration websites.
590 _aABS
650 _aINTERNET
650 _aMANAGEMENT-BUSINESS MANAGEMENT-INFORMATION MANAGEMENT
650 _aWEBSITES
650 _aREGENERATION PARTNERSHIPS
650 _aLOCAL COMMUNITIES
650 _aLOCAL STRATEGIC PARTNERSHIPS
690 _aREGENERATION
942 _n0
999 _c71972
_d71972